000 00549nam a2200229Ia 4500
003 OSt
005 20220924151058.0
006 a|||||r|||| 00| 0
007 ta
008 220923b |||||||| |||| 00| 0 tel d
024 _a335961
037 _cTextual
040 _aARTS
_cARTS
_btel
041 _2tel
_atel
082 _aO35,3NLA1,11, K4
100 _aLatha
_9223505
245 0 _aVarija
260 _c1964
650 _aTELUGU FICTION
942 _hO35,3NLA1,11, K4
_cTEXL
_2CC
999 _c465434
_d465434